Регионална библиотека "Любен Каравелов" - Русе

Последна свобода (Запис номер 21829)

MARC детайли
000 -Лидер
Контролно поле с фиксирана дължина 01167nam a2200301 c 4500
003 - Код на организацията, давaща контролен номер
Контролно поле BLK
005 - Дата и час на последна редакция
Контролно поле 20180420215721.0
008 - Елементи от данни с фиксирана дължина
fixed length control field 180413b bul|||||r ||||||| ||bul||
010 ## - Наследен системен номер
LC control number KNG00024141000
020 ## - Международен стандартен номер на книга ISBN
Международен стандартен номер на книга ISBN 954-428-098-7
-- издат.: Хемус
040 ## - Източник на каталожния запис
Идентификатор на билиотеката - собственик на записа BLK
041 ## - Код за език
Код за езика на текст/звукозапис или на отделно заглавие Български
Код за езика КДБФ Български
080 ## - УДК
Текстов определител УДК Българска литература
УДК код - определител по УДК 821.163.2
УДК определител -4
УДК - код + определител 821.163.2-4
100 1# - Редна дума - Автор
Автор Мутафов, Енчо Пенев
Авторска отговорност първи автор
R(LIN) 249680
139 ## - Редно поле
Редна дума Мутафов, Енчо Пенев
Авторски знак Мут - М 96
245 10 - Сведения за заглавието
Заглавие Последна свобода
Подзаглавни данни Въпроси на цивилизацията, изкуството и таланта : Есета писани между 1983-1997 г.
Редно поле (дума) Енчо Пенев Мутафов.
257 ## - Страна на издаване
Страна на създаване/издаване България
260 ## - Област на издателските данни
-- София
Име на издателя, разпространителя и проч. Хемус
Година на издаване 1998
300 ## - Физическа характеристика
Страници 224 с.
Размери/Мащаб 20 см
380 ## - Жанр
Жанр Худож. лит.
500 ## - Общи забележки
Забележка Деп. списък: 39 ; 500 тир Място на печат: София Име на печатница: Ив. Вазов.
653 ## - Ключова дума – ненормативна
Ключова дума свобода
852 ## - Местоположение
Форматна сигнатура Цб 196497
856 4# - Електронен адрес и достъп
Електронен формат pdf - файл
Път до файла /url/
856 4# - Електронен адрес и достъп
Електронен формат pdf - файл
Път до файла /url/
942 ## - АРТИКУЛИ
Вид на библиотечния материал Книги
Скрит в OPAC Не
944 ## - СЪЗДАВАНЕ И РЕДАКЦИЯ на ЗАПИСА
Създаване/Редакция Създаване
Дата на регистрацията/редакция 15.01.2003
Служител, извършил регистрацията/редакцията AB_DOS
944 ## - СЪЗДАВАНЕ И РЕДАКЦИЯ на ЗАПИСА
Създаване/Редакция Редакция
Дата на регистрацията/редакция 08.11.2016
Служител, извършил регистрацията/редакцията
999 ## - СИСТЕМНИ КОНТРОЛНИ НОМЕРА
Koha biblionumber 21829
Koha biblioitemnumber 21829
Наличности
Код за отписване Код за изгубен артикул Източник на класификационната схема Код за повреда Коз за рестрикции Код за отдаване Артикулен № Име на библиотеката - собственик Име на библиотеката, в която се намира в момента Статус (Текущо местоположение) Дата на вписване в системата Местоположение - отдел Цена в лева Инвентарен номер Систематично азбучна сигнатура Баркод Номер на екземпляра Цена в евро Служебен тип на артикула Бележка за публиката Служебна бележка
  Не е изгубен Universal Decimal Classification Не е повреден без рестрикции ползва се в читалня 35995 Регионална библиотека "Любен Каравелов" Русе Регионална библиотека "Любен Каравелов" Русе Хранилище 2001-01-01 Хранилище 1.50 644091 Цб 196497 120000644091 1 0.77 Книги    
Изтеглен Не е изгубен   Не е повреден без рестрикции заемане за дома 35996 Регионална библиотека "Любен Каравелов" Русе Регионална библиотека "Любен Каравелов" Русе   2001-01-01 Заемна - подръчен фонд 1.50 639876 П 886.7-4/М 96 639876 2 0.77 Книги Отч.N: 3 , Дата: 17.01.2018  
  Не е изгубен Universal Decimal Classification Не е повреден без рестрикции заемане за дома 35997 Регионална библиотека "Любен Каравелов" Русе Регионална библиотека "Любен Каравелов" Русе Заемна - подръчен фонд 1998-01-01 Заемна - подръчен фонд 1.50 655133 П 886.7-4/М 96 120000655133 3 0.77 Книги   N: стар фонд Дата: 01.01.1998 Дата инв: 12.02.2018 Бележки инв: П2018
Vip Innovations Ltd, Rousse, Bulgaria 2025